La responsabilidad del Estado por el ejercicio ilegítimo de sus facultades de fiscalización y verificación en materia tributaria (Registro nro. 14715)
[ vista simple ]
| 000 -LEADER | |
|---|---|
| fixed length control field | 00411 a2200109 4500 |
| 001 - CONTROL NUMBER | |
| control field | ART_17976 |
| 005 - DATE AND TIME OF LATEST TRANSACTION | |
| control field | 20260410161656.0 |
| 008 - FIXED-LENGTH DATA ELEMENTS--GENERAL INFORMATION | |
| fixed length control field | 260409a |
| 100 1# - MAIN ENTRY--PERSONAL NAME | |
| Personal name | ODonnell, Agustina |
| 245 10 - TITLE STATEMENT | |
| Title | La responsabilidad del Estado por el ejercicio ilegítimo de sus facultades de fiscalización y verificación en materia tributaria |
| 773 0# - HOST ITEM ENTRY | |
| Title | Práctica profesional |
| Related parts | - Nº 119 (jun. 2010) |
| Record control number | REV542 |
No hay ítems disponibles.